Transformers Prime Personnages par Images - Statistiques

Statistiques générales
  • Ce quiz a été pris 36 fois
  • Le résultat moyen est 18 sur 30
Statistiques - réponses
Par images Réponse % Correct
Bumblebee
100%
Optimus Prime / Orion Pax
100%
Megatron / Megatronus
96%
Starscream
93%
Arcee
89%
Ratchet
85%
Soundwave
85%
Shockwave
81%
Ultra Magnus
81%
Cliffjumper
78%
Unicron
78%
Bulkhead
74%
Wheeljack
74%
Alpha Trion
63%
Predaking
63%
Laserbeak
59%
Smokescreen
59%
Primus
56%
Breakdown
48%
Dreadwing
48%
Knockout
48%
Airachnid
44%
Steve le Vehicon
37%
Skyquake
30%
Tailgate
30%
Skylynx
22%
Hardshell
19%
Darksteel
7%
Makeshift
7%
Bombshock
0%
Aucun quiz correspondant
Distribution des résultats
% des personnes avec chaque résultat
Percentile par nombre de réponses
Votre historique - résultats
Vous n’avez pas pris ce quiz